000 02022 a2200229 4500
001 84
005 20260407155407.0
008 260407a2002 arg spa d
003 AR-UNSa-BCEJYS
040 _aAR-UNSa-BCEJYS
_bspa
_cAR-UNSa-BCEJYS
080 _a658.15
_xAdministración financiera privada. Gestión financiera de empresas
245 1 0 _aFundamentos de administración financiera
250 _a11a. ed
264 1 _aMéxico :
_bPearson Educación
_c2002
300 _axxi, 743 p.
_c25,5 cm.
505 _a1. Las funciones de la administración financiera 2. Entorno empresariales, fiscal y financiero 3. El valor del dinero en relación con el tiempo 4. Valoración de títulos a largo plazo 5. Riesgo y rendimiento 6. Análisis de estado fiancieros 7. Análisis de fondos, análisis de flujo de efectivo y planeación financiera 8. Análisis general de la adminsitración del capital de trabajo 9. Administración de efectivo y valores comercializables 10. Cuentas por cobrar y administración de inventarios 11. Financiamiento a corto plazo 12. Elaboración del presupuesto de gastos de capital y cálculo de los flujos de efectivo 13. Técnicas de elaboración del presupuesto de gastos de capital 14. Riesgo y alternativas administrativas en la asignación del presupuesto de gastos de capital 15. Rendimiento requerido y costo de capital 16. Apalancamiento operativo y financiero 17. Determinación de la estructura de capital 18. Política de dividendos 19. El mercado de capital 20. Deuda a largo plazo, acciones preferentes y acciones ordinarias 21. Créditos a plazo y arrendamientos 22. Valores convertibles, bonos canjeables y warrants 23. Fusiones y otras formas de reestructuración corporativa 24. Administración financiera internacional
942 _cBK
590 _aniveau_biblio:m niveau_hierar:0
100 1 _aVan Horne, James C.
700 1 _aWachowicz, John M.
856 4 1 _uhttps://biblioeco.unsa.edu.ar/pmb/images/libros/Administraci?n Financiera.jpg
_yImagen de portada
_qimage/jpeg
999 _c62
_d62